Accounting fundamentals

"Accounting Fundamentals" is a text-kit that provides a brief but comprehensive introduction to accounting. It gives students a basic understanding of accounting principles and procedures used for recording, classifying, and summarizing financial data. Students also learn accounting termin...

Full beskrivning

Sparad:
Bibliografiska uppgifter
Huvudupphovsman: Curran, Michael G.
Materialtyp: Bok
Språk:Undetermined
Publicerad: Boston McGraw-Hill Irwin 2006
Ämnen:
Taggar: Lägg till en tagg
Inga taggar, Lägg till första taggen!
Thư viện lưu trữ: Trung tâm Học liệu Trường Đại học Cần Thơ
LEADER 00891nam a2200193Ia 4500
001 CTU_214795
008 210402s9999 xx 000 0 und d
082 |a 657 
082 |b C976 
100 |a Curran, Michael G. 
245 0 |a Accounting fundamentals 
245 0 |c Michael G. Curran 
260 |a Boston 
260 |b McGraw-Hill Irwin 
260 |c 2006 
520 |a "Accounting Fundamentals" is a text-kit that provides a brief but comprehensive introduction to accounting. It gives students a basic understanding of accounting principles and procedures used for recording, classifying, and summarizing financial data. Students also learn accounting terminology and are introduced to the financial forms, records, and statements used in the business world. 
650 |a Accounting,Kế toán 
904 |i Bạch Trúc 
980 |a Trung tâm Học liệu Trường Đại học Cần Thơ